Țările care au în denumire conjuncția „și” - Statistics

General Stats
  • This quiz has been taken 4 times
  • The average score is 7 of 12
Answer Stats
Partea și Răspuns % Correct
Herțegovina și Bosnia
100%
Bosnia și Herțegovina
100%
Barbuda și Antigua
75%
Antigua și Barbuda
50%
Sfântul Vicențiu și Grenadine
50%
Sfântul Cristofor și Nevis
50%
Sao Tome și Principe
50%
Principe și São Tomé
50%
Nevis și Sfântul Cristofor
50%
Trinidad și Tobago
50%
Tobago și Trinidad
50%
Grenadine și Sfântul Vicențiu
25%
No matching quizzes found
Score Distribution
Percent of People with Each Score
Percentile by Number Answered
Your Score History
You have not taken this quiz